000 00563nam a2200181Ia 4500
008 151202s9999||||xx |||||||||||||| ||und||
082 _bPNVM-71981
100 _aगजेंद्रगडकर मोनिका.
245 _aभूप.
260 _b"मौज प्रकाशन,गिरगाव."
260 _c71981
300 _a152
600 _aगजेंद्रगडकर मोनिका.
630 _aभूप.
700 _aगजेंद्रगडकर मोनिका.
730 _aभूप.
942 _cBOOK
999 _c1338649
_d1338646